000 00825nam a22002297a 4500
005 20250417110931.0
008 250417b |||||||| |||| 00| 0 eng d
020 _a978-81-19857-59-3 (hbk
037 _cTB
040 _aCRL
_cCRL
041 _2pun
_apun
084 _aO153,3NMA,AP R4
_qCRL
100 _aਮੰਡ, ਜਸਬੀਰ
245 _aਚੁਰਾਸੀ ਲੱਖ ਯਾਦਾਂ
260 _aਪਟਿਆਲਾ, ਭਾਰਤ:
_bਔਟਉਮੰ ਆਰਟ,
_c2024.
300 _a456 ਪ.
365 _b625.00
_cINR
650 _aਪੰਜਾਬੀ ਸਾਹਿਤ
650 _aਪੰਜਾਬੀ ਕਹਾਣੀ
942 _2CC
_cTB
_hO153,3NMA,AP R4
_n0
999 _c1309077
_d1309077